Introduction to combinatorial mathematics

Saved in:
Bibliografiske detaljer
Hovedforfatter: Liu, Chung Laung (autor)
Format: Bog
Sprog:engelsk
Udgivet: Nueva York McGraw-Hill 1968
Serier:Computer science series
Fag:
Tags: Tilføj Tag
Ingen Tags, Vær først til at tagge denne postø!

MARC

LEADER 00000nam a2200000 a 4500
001 UCW1193
003 CL-VaPUC
008 911211e19680000US |||||||||||||||||eng|d
082 0 4 |a 511.6  |b LIU  |2 21 
100 |a Liu, Chung Laung  |e autor  |9 305093 
245 1 0 |a Introduction to combinatorial mathematics 
300 |a 393 p 
942 |c BK 
945 |d 19911211 00:00:00 
260 |a Nueva York  |b McGraw-Hill  |c 1968 
650 0 |a Análisis combinatorio   |9 269849 
583 |a last modification  |c 19911211 00:00:00  |k Rodrigo Vera 
490 0 |a Computer science series 
999 |c 216112  |d 216110